书目信息 |
| 题名: |
二阶抛物型偏微分方程
|
|
| 作者: | 陈亚浙 编著 | |
| 分册: | ||
| 出版信息: | 北京 北京大学出版社 2003.1 |
|
| 页数: | 296页 | |
| 开本: | 21cm | |
| 丛书名: | 北京大学数学教学系列丛书 | |
| 单 册: | ||
| 中图分类: | O175.23 , O175.23 | |
| 科图分类: | ||
| 主题词: | 二阶--抛物型方程:偏微分方程--高等学校--教材 | |
| 电子资源: | ||
| ISBN: | 7-301-05369-X | |
| 000 | 00714nam0 2200229 45 | |
| 001 | 012003 | |
| 005 | 20050914172525.79 | |
| 010 | @a7-301-05369-X@dCNY 16.00 | |
| 100 | @a20030526d2003 ekmy0chiy0120 ea | |
| 101 | 0 | @achi |
| 102 | @aCN@b110000 | |
| 200 | 1 | @a二阶抛物型偏微分方程@AEr Jie Pao Wu Xing Pian Wei Fen Fang Cheng@f陈亚浙编著@FChen Ya Zhe Bian Zhu |
| 210 | @a北京@c北京大学出版社@d2003.1 | |
| 215 | @a296页@d21cm | |
| 225 | 2 | @a北京大学数学教学系列丛书 |
| 410 | 0 | @12001 @a北京大学数学教学系列丛书 |
| 606 | 0 | @a二阶@x抛物型方程:偏微分方程@y高等学校@j教材 |
| 690 | @aO175.23@v4 | |
| 690 | @aO175.23@v4 | |
| 701 | 0 | @a陈亚浙@AChen Ya Zhe@4编著 |
| 801 | 0 | @c20050914 |
| 905 | @a10447@dO175.23@eC610 | |
| 二阶抛物型偏微分方程/陈亚浙编著.-北京:北京大学出版社,2003.1 |
| 296页;21cm.-(北京大学数学教学系列丛书) |
| ISBN 7-301-05369-X:CNY 16.00 |
| ● |
| 相关链接 |
|
|
|
正题名:二阶抛物型偏微分方程
索取号:O175.23/C610
 
预约/预借
| 序号 | 登录号 | 条形码 | 馆藏地/架位号 | 状态 | 备注 |
| 1 | 551819 | 205518199 | 自科库401/401自科库 45排4列1层/ [索取号:O175.23/C610] | 在馆 | |
| 2 | 551820 | 205518206 | 自科库401/401自科库 45排4列1层/ [索取号:O175.23/C610] | 在馆 | |
| 3 | 551821 | 205518215 | 自科库401/401自科库 45排4列1层/ [索取号:O175.23/C610] | 在馆 | |
| 4 | 551822 | 205518224 | 自科库401/401自科库 45排4列1层/ [索取号:O175.23/C610] | 在馆 | |
| 5 | 551823 | 205518233 | 自科库401/401自科库 45排4列1层/ [索取号:O175.23/C610] | 在馆 | |
| 6 | 551824 | 205518242 | 自科库401/401自科库 45排4列1层/ [索取号:O175.23/C610] | 在馆 |